书目信息 |
| 题名: |
物流包装实务
|
|
| 作者: | 孙宏岭 , 武文斌 主编 | |
| 分册: | ||
| 出版信息: | 北京 中国物资出版社 2007 |
|
| 页数: | 284页 | |
| 开本: | 24cm | |
| 丛书名: | ||
| 单 册: | ||
| 中图分类: | TB48 | |
| 科图分类: | ||
| 主题词: | 物流--包装--教材 , 物流 , 包装 | |
| 电子资源: | ||
| ISBN: | 978-7-5047-2621-6 | |
| 000 | 01046nam0 2200301 450 | |
| 001 | 1535311046 | |
| 005 | 20150130094856.32 | |
| 010 | @a978-7-5047-2621-6@dCNY28.00 | |
| 100 | @a20070327d2007 em y0chiy50 ea | |
| 101 | 0 | @achi |
| 102 | @aCN@b110000 | |
| 105 | @ay z 000yy | |
| 200 | 1 | @a物流包装实务@9wu liu bao zhuang shi wu@f孙宏岭,武文斌编著 |
| 205 | @a2版 | |
| 210 | @a北京@c中国物资出版社@d2007 | |
| 215 | @a284页@d24cm | |
| 300 | @a中国物流与采购联合会指定 “十一五”现代物流精品规划系列教材 | |
| 312 | @a封面英文题名:Practice of logistics packaging | |
| 330 | @a本书就是根据物流包装领域内理论和实践的发展,吸取了国外物流包装科学化基础理论和先进技术,同时根据国内外物流业的发展现状,对现代物流理论和实践进行研究。 | |
| 510 | 1 | @aPractice of logistics packaging@zeng |
| 606 | 0 | @a物流@x包装@j教材 |
| 606 | 0 | @a物流 |
| 606 | 0 | @a包装 |
| 690 | @aTB48@v5 | |
| 701 | 0 | @a孙宏岭@9sun hong ling@f(1931~)@4主编 |
| 701 | 0 | @a武文斌@9wu wen bin@f(1959~)@4主编 |
| 801 | 0 | @aCN@bTSSF@c20150130 |
| 905 | @aZUCC@dTB48@eJY6 | |
| 物流包装实务/孙宏岭,武文斌编著.-2版.-北京:中国物资出版社,2007 |
| 284页;24cm |
| 中国物流与采购联合会指定 “十一五”现代物流精品规划系列教材 |
| ISBN 978-7-5047-2621-6:CNY28.00 |
| 本书就是根据物流包装领域内理论和实践的发展,吸取了国外物流包装科学化基础理论和先进技术,同时根据国内外物流业的发展现状,对现代物流理论和实践进行研究。 |
| ● |
| 相关链接 |
|
|
|
|
正题名:物流包装实务
索取号:TB48/JY6
 
预约/预借
| 序号 | 登录号 | 条形码 | 馆藏地/架位号 | 状态 | 备注 |
| 1 | 7862646 | 278626462 | 学院路分馆/ [索取号:TB48/JY6] | 在馆 | |
| 2 | 7862647 | 278626471 | 学院路分馆/ [索取号:TB48/JY6] | 在馆 |